| 000 | 01234cam a22003497a 4500 | ||
|---|---|---|---|
| 003 | CHAP | ||
| 005 | 20220329142550.0 | ||
| 008 | 010920d2001 mx r 00110 spa d | ||
| 010 | _a85020 | ||
| 011 | _a85992 | ||
| 035 | _a96530 | ||
| 040 | _cCHAP | ||
| 090 | _aTesis | ||
| 100 | 0 | 0 |
_aAcevedo Salazar, Mayra _9521 |
| 245 | 1 | 0 |
_aAnálisis financiero en la microempresa familiar, caso práctico "Jardín y Progreso" _c/por Mayra Acevedo Salazar |
| 260 |
_aChapingo, Méx. : _bEl autor, _c2001. |
||
| 300 | _a142 h. | ||
| 502 | _aTesis (Lic. en Administración de Empresas Agropecuarias) -- UACH. División de Ciencias Económico Administrativas | ||
| 590 |
_aALEPH _b10 _c20130110 _lUCH01 _h1444 |
||
| 590 |
_aBATCH-UPD _b10 _c20130110 _lUCH01 _h0831 |
||
| 590 |
_aBATCH-UPD _b10 _c20130410 _lUCH01 _h0509 |
||
| 590 |
_aBATCH-UPD _b10 _c20130914 _lUCH01 _h1302 |
||
| 590 |
_aCONVERSION _b10 _c20130109 _lUCH01 _h1347 |
||
| 650 | 1 | 4 |
_aEmpresas pequeñas. _936658 |
| 650 | 1 | 4 |
_aEmpresas. _936635 |
| 650 | 1 | 4 |
_aMicroeconomía. _975508 |
| 901 | _aBK | ||
| 905 | _aAlejandra Carrasco M. | ||
| 942 | _cFOLL | ||
| 949 |
_aTesis _bBC _cTES _d33724000859468 _eTS2 _fc.2 _h38662 _i96530 _si |
||
| 949 |
_aTesis _bBC _cTES _d965301 _eTS1 _h38661 _i96530 _sb |
||
| 999 |
_c85020 _d85020 |
||